000 00299nam a2200133Ia 4500
100 _aFomin/S
942 _cBK
654 _aLathe Operators
245 _aHand Book For Lathe Operators & Foremen
260 _bMir Publishers
_aMoscow
_c1968
082 _a621.9
300 _a325
546 _aENGLISH
999 _c34904
_d34904